[Event "KGZ-ch"]
[Site "Bishkek"]
[Date "2013.05.16"]
[Round "8"]
[White "Davletbakov, Saddam"]
[Black "Shabdanov, Moldobek"]
[Result "1-0"]
[WhiteElo "2234"]
[BlackElo "2020"]
[PlyCount "71"]
[EventDate "2013.05.09"]
[EventType "swiss"]
[EventRounds "11"]
[EventCountry "KGZ"]
[SourceTitle "CBM 154 Extra"]
[Source "ChessBase"]
[SourceDate "2013.06.25"]
[SourceVersion "2"]
[SourceVersionDate "2013.06.25"]
[SourceQuality "1"]

1. e4 Nf6 2. e5 Nd5 3. Nf3 d6 4. d4 Bg4 5. Be2 e6 6. 0-0 Nc6 7. c4 Nb6 8. exd6 cxd6 9. d5 exd5 10. cxd5 Bxf3 11. Bxf3 Ne5 12. Nc3 Be7 13. Bf4 Nbd7 14. Be2 0-0 15. Be3 Nf6 16. h3 a6 17. a4 Rc8 18. Qb3 Qd7 19. a5 Ne8 20. Ra4 Bd8 21. Rb4 Bxa5 22. Rxb7 Rc7 23. Bxa6 Bxc3 24. bxc3 f5 25. f4 Nf7 26. Rb8 Qe7 27. Bb6 Ra7 28. Bxa7 Qxa7+ 29. Qb6 Qe7 30. Bc8 Qc7 31. Bxf5 Qxc3 32. Be6 Nf6 33. Qxd6 Qe3+ 34. Kh1 Re8 35. Rxe8+ Nxe8 36. Qe7 1-0

[Event "KGZ-ch"]
[Site "Bishkek"]
[Date "2013.05.14"]
[Round "6"]
[White "Davletbakov, Saddam"]
[Black "Pahomeev, Oleg"]
[Result "1-0"]
[WhiteElo "2234"]
[BlackElo "1945"]
[PlyCount "181"]
[EventDate "2013.05.09"]
[EventType "swiss"]
[EventRounds "11"]
[EventCountry "KGZ"]
[SourceTitle "CBM 154 Extra"]
[Source "ChessBase"]
[SourceDate "2013.06.25"]
[SourceVersion "2"]
[SourceVersionDate "2013.06.25"]
[SourceQuality "1"]

1. e4 e5 2. Nf3 Nf6 3. Nxe5 d6 4. Nf3 Nxe4 5. Nc3 Nxc3 6. dxc3 Be7 7. Bf4 Nc6 8. Qd2 Be6 9. 0-0-0 Qd7 10. a3 h6 11. h4 0-0-0 12. Bd3 Bf6 13. Rhe1 Rde8 14. Be4 Bg4 15. Bg3 Nd8 16. Qd5 Kb8 17. Kb1 Qa4 18. Bf5 Bxf5 19. Qxf5 Rxe1 20. Rxe1 Re8 21. Rd1 Ne6 22. Qd5 g6 23. h5 Qc6 24. Qd2 Bg7 25. hxg6 fxg6 26. Qd3 Nf8 27. Nh4 Qe4 28. Qd2 Qe6 29. Nf3 Qf7 30. Qd3 a6 31. Nd2 Re6 32. Nc4 Qe8 33. f3 Qb5 34. Bf2 Qg5 35. g4 Nd7 36. Be3 Qe7 37. Bf2 Qg5 38. a4 Nc5 39. Bxc5 Qxc5 40. f4 d5 41. Qxd5 Qxd5 42. Rxd5 Re4 43. Rd8+ Ka7 44. Rd7 Bxc3 45. Rxc7 Bb4 46. Rc8 Rxf4 47. c3 b5 48. axb5 axb5 49. Ne3 Re4 50. Nd5 Ba5 51. b4 Re5 52. Nf4 Bb6 53. Nxg6 Rg5 54. Ne7 Rxg4 55. Rc6 Be3 56. Nf5 Kb7 57. Re6 Bd2 58. Kc2 Rg2 59. Kd3 Bc1 60. Nd4 h5 61. Re5 Rg3+ 62. Kc2 Bg5 63. Rxb5+ Ka6 64. Ra5+ Kb7 65. Ne6 Bf6 66. Nc5+ Kc8 67. Ne4 Rg2+ 68. Kb3 Bg7 69. Rxh5 Re2 70. Nd6+ Kd8 71. Rh7 Bf6 72. Nb7+ Kc8 73. Nc5 Re8 74. Na4 Re4 75. b5 Be7 76. Nb6+ Kb8 77. Nd5 Bd6 78. Rh6 Bg3 79. Rg6 Bf2 80. Rg7 Re5 81. c4 Bc5 82. Kc3 Rh5 83. Rf7 Rh3+ 84. Kc2 Rh4 85. Rf4 Rh3 86. Rf5 Rh4 87. Kd3 Rh3+ 88. Ke4 Rh4+ 89. Nf4 Bd6 90. c5 Bc7 91. b6 1-0

[Event "Central Asia Cup 2nd"]
[Site "Bishkek"]
[Date "2012.06.20"]
[Round "9"]
[White "Maznitsin, Andrei"]
[Black "Davletbakov, Saddam"]
[Result "1/2-1/2"]
[WhiteElo "2220"]
[BlackElo "2204"]
[PlyCount "56"]
[EventDate "2012.06.12"]
[EventType "swiss"]
[EventRounds "9"]
[EventCountry "KGZ"]
[SourceTitle "EXT 2013"]
[Source "ChessBase"]
[SourceDate "2012.11.22"]
[SourceVersion "1"]
[SourceVersionDate "2012.11.22"]
[SourceQuality "1"]

1. c4 c5 2. Nf3 e6 3. g3 d5 4. cxd5 exd5 5. d4 Nc6 6. Bg2 Nf6 7. 0-0 Be7 8. Nc3 0-0 9. dxc5 Bxc5 10. a3 a5 11. Bg5 d4 12. Bxf6 Qxf6 13. Ne4 Qe7 14. Nxc5 Qxc5 15. Rc1 Qb6 16. Qc2 h6 17. Rfd1 Be6 18. Qc5 Qxb2 19. Rd2 Qb3 20. Rd3 Qa4 21. Nxd4 Nxd4 22. Qxd4 Qb5 23. h4 a4 24. Qc5 Qb2 25. Rc2 Qb1+ 26. Rc1 Qb2 27. Rc2 Qb1+ 28. Rc1 Qb2 1/2-1/2

[Event "Central Asia Cup 2nd"]
[Site "Bishkek"]
[Date "2012.06.18"]
[Round "7"]
[White "Filippov, Anton"]
[Black "Davletbakov, Saddam"]
[Result "1-0"]
[WhiteElo "2638"]
[BlackElo "2204"]
[PlyCount "103"]
[EventDate "2012.06.12"]
[EventType "swiss"]
[EventRounds "9"]
[EventCountry "KGZ"]
[SourceTitle "EXT 2013"]
[Source "ChessBase"]
[SourceDate "2012.11.22"]
[SourceVersion "1"]
[SourceVersionDate "2012.11.22"]
[SourceQuality "1"]

1. e4 e6 2. d4 d5 3. Nc3 Nf6 4. e5 Nfd7 5. f4 c5 6. Nf3 Nc6 7. Be3 a6 8. Qd2 b5 9. a3 Qb6 10. Be2 cxd4 11. Nxd4 Bc5 12. Rd1 Bb7 13. h4 Rc8 14. Rh3 Nxd4 15. Bxd4 Bxd4 16. Qxd4 Qxd4 17. Rxd4 Ke7 18. Rg3 g6 19. Kd1 Nb8 20. Kc1 Rhd8 21. Rd2 Nc6 22. Bd3 Na5 23. Rd1 Rc7 24. Ne2 d4 25. Kb1 Rcd7 26. b3 h5 27. Rd2 Bc6 28. Nc1 Bd5 29. Be2 Be4 30. Bd3 Bd5 31. Kb2 Nc6 32. Rh3 Kf8 33. Rh1 Ne7 34. Re1 Bb7 35. g3 Nf5 36. Bxf5 gxf5 37. b4 Ke7 38. Nb3 Rg8 39. Rg1 Rc7 40. Rxd4 Bd5 41. Nc5 a5 42. c3 Rg6 43. a4 axb4 44. cxb4 bxa4 45. Nxa4 Rg8 46. Nc3 Bc4 47. Kc2 Rgc8 48. Rc1 Rg8 49. Kd2 Rxg3 50. Ne2 Rg2 51. Rcxc4 Ra7 52. Rc2 1-0

[Event "Central Asia Cup 2nd"]
[Site "Bishkek"]
[Date "2012.06.12"]
[Round "1"]
[White "Davletbakov, Saddam"]
[Black "Alymbay, Kyzy Aizhan"]
[Result "1-0"]
[WhiteElo "2204"]
[BlackElo "1799"]
[PlyCount "111"]
[EventDate "2012.06.12"]
[EventType "swiss"]
[EventRounds "9"]
[EventCountry "KGZ"]
[SourceTitle "EXT 2013"]
[Source "ChessBase"]
[SourceDate "2012.11.22"]
[SourceVersion "1"]
[SourceVersionDate "2012.11.22"]
[SourceQuality "1"]

1. e4 c5 2. Nf3 e6 3. c4 Nc6 4. d4 cxd4 5. Nxd4 Nf6 6. Nc3 Bb4 7. Nxc6 bxc6 8. Bd3 e5 9. 0-0 0-0 10. Be3 d6 11. h3 Be6 12. Rc1 Qd7 13. Qf3 Rab8 14. Rfd1 Bxc3 15. bxc3 Rb2 16. Bf1 Qc7 17. Bg5 Ne8 18. Rd2 Qb7 19. Rxb2 Qxb2 20. Qd1 f6 21. Be3 c5 22. Qb3 Qxb3 23. axb3 Rf7 24. b4 Rb7 25. Bd2 Nc7 26. Ra1 Bf7 27. Ra5 Ne6 28. Ra6 Rd7 29. f3 Kf8 30. Be3 Ke7 31. Rc6 Nd8 32. Rc8 cxb4 33. cxb4 Rb7 34. b5 Ne6 35. Rc6 Be8 36. Ra6 Nc5 37. Ra3 Kd7 38. Kf2 Kc7 39. Be2 Kb8 40. g4 g5 41. h4 h6 42. Ra1 Rc7 43. Rh1 Kb7 44. hxg5 hxg5 45. Rh8 Re7 46. Ke1 Kc7 47. Kd2 Kb7 48. Kc3 Kc7 49. Rh1 Bd7 50. Kb4 Kb6 51. Rd1 Kc7 52. Rxd6 Ne6 53. Ra6 Nd4 54. Bxd4 exd4 55. Rxa7+ Kb8 56. b6 1-0

[Event "KGZ-ch"]
[Site "Bishkek"]
[Date "2012.04.08"]
[Round "8"]
[White "Davletbakov, Saddam"]
[Black "Maznitsin, Andrei"]
[Result "1/2-1/2"]
[WhiteElo "2204"]
[BlackElo "2220"]
[PlyCount "62"]
[EventDate "2012.04.01"]
[EventType "swiss"]
[EventRounds "11"]
[EventCountry "KGZ"]
[SourceTitle "EXT 2013"]
[Source "ChessBase"]
[SourceDate "2012.11.22"]
[SourceVersion "1"]
[SourceVersionDate "2012.11.22"]
[SourceQuality "1"]

1. e4 c6 2. c4 d5 3. exd5 cxd5 4. cxd5 Qxd5 5. Nc3 Qd8 6. d4 Nf6 7. Nf3 e6 8. Bd3 Be7 9. 0-0 0-0 10. Re1 Nc6 11. a3 b6 12. Bg5 Nd5 13. Nxd5 Bxg5 14. Bxh7+ Kxh7 15. Qc2+ Kh6 16. h4 Nxd4 17. hxg5+ Qxg5 18. Nxd4 Qxd5 19. Nf3 Bb7 20. Re5 Rac8 21. Qb1 Qd8 22. Rh5+ Kxh5 23. Qh7+ Kg4 24. Qh3+ Kf4 25. Re1 Rc1 26. Rxc1 Bxf3 27. gxf3 Qg5+ 28. Kf1 Qb5+ 29. Kg2 Qg5+ 30. Kf1 Qb5+ 31. Kg2 Qg5+ 1/2-1/2

[Event "KGZ-ch"]
[Site "Bishkek"]
[Date "2012.04.07"]
[Round "7"]
[White "Umarbekov, Aziz"]
[Black "Davletbakov, Saddam"]
[Result "1/2-1/2"]
[WhiteElo "2247"]
[BlackElo "2204"]
[PlyCount "97"]
[EventDate "2012.04.01"]
[EventType "swiss"]
[EventRounds "11"]
[EventCountry "KGZ"]
[SourceTitle "EXT 2013"]
[Source "ChessBase"]
[SourceDate "2012.11.22"]
[SourceVersion "1"]
[SourceVersionDate "2012.11.22"]
[SourceQuality "1"]

1. e4 e6 2. d4 d5 3. Nc3 Nf6 4. Bg5 Bb4 5. e5 h6 6. Bd2 Bxc3 7. Bxc3 Ne4 8. Nh3 Nxc3 9. bxc3 c5 10. Bb5+ Bd7 11. Bxd7+ Nxd7 12. 0-0 Qa5 13. c4 cxd4 14. Qxd4 dxc4 15. Rfe1 Rd8 16. Nf4 Nb6 17. Qe4 0-0 18. Nh5 Qd2 19. Qxb7 Nd5 20. Qxa7 Ra8 21. Qb7 Rxa2 22. h3 Rxc2 23. Rf1 Qg5 24. Ra8 Rxa8 25. Qxa8+ Kh7 26. Qa4 Ne3 27. Ng3 Rb2 28. Re1 Qf4 29. Ne2 Qxe5 30. fxe3 Qxe3+ 31. Kf1 Qd3 32. Qd1 Rd2 33. Qc1 e5 34. Qa1 f6 35. Qa5 Kg6 36. Qb5 e4 37. Qe8+ Kh7 38. Qh5 e3 39. Kg1 c3 40. Qf3 c2 41. Nc1 Qd4 42. Nb3 Rd1 43. Nxd4 Rxe1+ 44. Kh2 c1Q 45. Qe4+ f5 46. Qxf5+ Kg8 47. Qd5+ Kh8 48. Qa8+ Kh7 49. Qe4+ 1/2-1/2

[Event "KGZ-ch"]
[Site "Bishkek"]
[Date "2012.04.06"]
[Round "6"]
[White "Davletbakov, Saddam"]
[Black "Tologontegin, Semetey"]
[Result "1/2-1/2"]
[WhiteElo "2204"]
[BlackElo "2310"]
[PlyCount "83"]
[EventDate "2012.04.01"]
[EventType "swiss"]
[EventRounds "11"]
[EventCountry "KGZ"]
[SourceTitle "EXT 2013"]
[Source "ChessBase"]
[SourceDate "2012.11.22"]
[SourceVersion "1"]
[SourceVersionDate "2012.11.22"]
[SourceQuality "1"]

1. e4 e6 2. d3 c5 3. Nf3 Nc6 4. Nbd2 d6 5. g3 g6 6. Bg2 Bg7 7. 0-0 Nge7 8. c3 0-0 9. Re1 e5 10. Nf1 h6 11. Nh4 Be6 12. f4 Qd7 13. Be3 b6 14. Qd2 Kh7 15. Nf3 exf4 16. Bxf4 d5 17. Qe2 dxe4 18. dxe4 Rad8 19. h4 Qb7 20. Ne3 b5 21. e5 Qb6 22. Kh2 Rfe8 23. Rad1 Bxa2 24. Rd6 Be6 25. Red1 Kg8 26. Nd2 Qc7 27. Qxb5 Nxe5 28. Ne4 Rc8 29. Rxe6 fxe6 30. Nd6 Rf8 31. Nxc8 Rxc8 32. Qa6 Qb6 33. Qxb6 axb6 34. Rd6 Nf5 35. Nxf5 exf5 36. Bd5+ Kh7 37. Rxb6 Rd8 38. Bxe5 Bxe5 39. c4 Rb8 40. Rxb8 Bxb8 41. Kg2 Kg7 42. Kf3 1/2-1/2

[Event "Maralsay op"]
[Site "Maralsay"]
[Date "2010.08.22"]
[Round "7"]
[White "Daurimbetov, Azamat"]
[Black "Davletbakov, Saddam"]
[Result "1-0"]
[WhiteElo "2269"]
[BlackElo "2188"]
[PlyCount "71"]
[EventDate "2010.08.17"]
[EventType "swiss"]
[EventRounds "9"]
[EventCountry "KAZ"]
[SourceTitle "EXT 2013"]
[Source "ChessBase"]
[SourceDate "2012.11.22"]
[SourceVersion "1"]
[SourceVersionDate "2012.11.22"]
[SourceQuality "1"]

1. d4 Nf6 2. c4 g6 3. Nc3 Bg7 4. Nf3 0-0 5. g3 d6 6. Bg2 Nbd7 7. 0-0 e5 8. h3 Re8 9. Be3 c6 10. Rc1 exd4 11. Nxd4 Nc5 12. Qc2 Qe7 13. Rfd1 a5 14. Bf4 Nh5 15. Nxc6 bxc6 16. Bxd6 Qa7 17. g4 Nf6 18. Bxc6 Be6 19. Nb5 Qb6 20. Bg2 Rac8 21. b3 h5 22. Bf4 a4 23. Rd6 axb3 24. axb3 Qb8 25. e3 g5 26. Bh2 hxg4 27. Rxe6 Nxe6 28. Bxb8 Rxb8 29. Nd6 Red8 30. c5 gxh3 31. Bxh3 g4 32. Bg2 g3 33. fxg3 Bh6 34. Qc3 Ng4 35. Nf5 Nxe3 36. Nxh6+ 1-0

[Event "Maralsay op"]
[Site "Maralsay"]
[Date "2010.08.21"]
[Round "5"]
[White "Kuderinov, Kirill"]
[Black "Davletbakov, Saddam"]
[Result "1/2-1/2"]
[WhiteElo "2481"]
[BlackElo "2188"]
[PlyCount "110"]
[EventDate "2010.08.17"]
[EventType "swiss"]
[EventRounds "9"]
[EventCountry "KAZ"]
[SourceTitle "EXT 2013"]
[Source "ChessBase"]
[SourceDate "2012.11.22"]
[SourceVersion "1"]
[SourceVersionDate "2012.11.22"]
[SourceQuality "1"]

1. e4 e6 2. d4 d5 3. Nc3 Nf6 4. Bg5 Bb4 5. e5 h6 6. Bd2 Bxc3 7. bxc3 Ne4 8. Ne2 c5 9. Ng3 Nxd2 10. Qxd2 Qa5 11. Nh5 Kf8 12. dxc5 Qxc5 13. Bd3 Nc6 14. 0-0 Nxe5 15. Rae1 Nxd3 16. Qxd3 Bd7 17. Qg3 Rg8 18. Re3 Rc8 19. Nf4 Qc7 20. Qf3 g5 21. Nd3 Kg7 22. Ne5 Be8 23. Rfe1 Rf8 24. Ng4 Qf4 25. Qd1 Rc4 26. h3 Qc7 27. Qd2 d4 28. Re5 dxc3 29. Qe3 Qd8 30. Rc5 Rxc5 31. Qxc5 Qd2 32. Re3 Bc6 33. Rg3 Rd8 34. Qe5+ Kf8 35. Qh8+ Ke7 36. Qf6+ Ke8 37. Ne3 Qe1+ 38. Kh2 Rd2 39. Qxh6 Qxf2 40. Qxg5 Re2 41. Qh4 Kd7 42. Qd4+ Bd5 43. Qa4+ Bc6 44. Qd4+ Bd5 45. h4 Re1 46. Rf3 Qg1+ 47. Kg3 Re2 48. Rxf7+ Ke8 49. Re7+ Kd8 50. Rxe6 Rxg2+ 51. Kf4 Rf2+ 52. Ke5 Qg3+ 53. Kxd5 Rd2 54. Re4 Rxd4+ 55. Kxd4 Qg7+ 1/2-1/2

[Event "Maralsay op"]
[Site "Maralsay"]
[Date "2010.08.20"]
[Round "4"]
[White "Davletbakov, Saddam"]
[Black "Zhansagimov, Almas"]
[Result "1-0"]
[WhiteElo "2188"]
[BlackElo "2130"]
[PlyCount "29"]
[EventDate "2010.08.17"]
[EventType "swiss"]
[EventRounds "9"]
[EventCountry "KAZ"]
[SourceTitle "EXT 2013"]
[Source "ChessBase"]
[SourceDate "2012.11.22"]
[SourceVersion "1"]
[SourceVersionDate "2012.11.22"]
[SourceQuality "1"]

1. d4 d5 2. c4 e6 3. Nc3 Nf6 4. Nf3 Be7 5. Bg5 h6 6. Bxf6 Bxf6 7. e3 0-0 8. h4 b6 9. g4 dxc4 10. g5 hxg5 11. hxg5 Bxg5 12. Nxg5 Qxg5 13. Qf3 Bd7 14. Rh5 Qg6 15. Qh1 1-0

[Event "KGZ-ch"]
[Site "Bishkek"]
[Date "2010.??.??"]
[Round "8"]
[White "Davletbakov, Saddam"]
[Black "Shukuraliev, Algis"]
[Result "0-1"]
[WhiteElo "2174"]
[BlackElo "2322"]
[PlyCount "98"]
[EventDate "2010.04.17"]
[EventType "swiss"]
[EventRounds "11"]
[EventCountry "KGZ"]
[SourceTitle "EXT 2014"]
[Source "ChessBase"]
[SourceDate "2013.11.20"]
[SourceVersion "1"]
[SourceVersionDate "2013.11.20"]
[SourceQuality "1"]

1. e4 e5 2. Nf3 Nc6 3. Bb5 a6 4. Ba4 Nf6 5. 0-0 b5 6. Bb3 Bc5 7. c3 d6 8. d4 Bb6 9. h3 0-0 10. Re1 h6 11. a4 Rb8 12. Na3 Re8 13. axb5 axb5 14. d5 Ne7 15. Nc2 c5 16. dxc6 Nxc6 17. Be3 Na5 18. Ba2 Bb7 19. Bxb6 Qxb6 20. Nd2 d5 21. exd5 Nxd5 22. b4 Nxc3 23. Bxf7+ Kxf7 24. Qh5+ g6 25. bxa5 Qxf2+ 26. Kxf2 gxh5 27. a6 Ba8 28. Re3 Nd5 29. Rb3 Rg8 30. Nf3 e4 31. Nfd4 b4 32. a7 Rb6 33. Ne3 Nxe3 34. Rxe3 Rd8 35. Nb3 Kf6 36. Ra5 Rd5 37. Rxd5 Bxd5 38. Nc5 Kf7 39. Nxe4 Ra6 40. Nc5 Rxa7 41. g4 Ra2+ 42. Kg3 b3 43. Re1 Rc2 44. Nxb3 Bxb3 45. Re5 hxg4 46. hxg4 Kf6 47. Rb5 Be6 48. Kh4 Rc1 49. Rb4 Rc4 0-1

[Event "Wch U18"]
[Site "Kemer"]
[Date "2009.11.20"]
[Round "9"]
[White "Davletbakov, Saddam"]
[Black "Kristinsson, Bjarni Jens"]
[Result "1-0"]
[WhiteElo "2175"]
[BlackElo "2023"]
[PlyCount "91"]
[EventDate "2009.11.12"]
[EventType "swiss"]
[EventRounds "11"]
[EventCountry "TUR"]
[SourceTitle "EXT 2010"]
[Source "ChessBase"]
[SourceDate "2010.11.25"]
[SourceVersion "1"]
[SourceVersionDate "2010.11.25"]
[SourceQuality "1"]

1. e4 c5 2. Nf3 e6 3. c4 Nc6 4. Nc3 a6 5. d4 cxd4 6. Nxd4 Bc5 7. Nxc6 bxc6 8. Be2 d6 9. 0-0 Ne7 10. Qd3 Bb7 11. Na4 Ba7 12. Rd1 d5 13. Qb3 Qc7 14. c5 0-0 15. Nb6 Bxb6 16. Qxb6 Qxb6 17. cxb6 Rfd8 18. exd5 Nxd5 19. Be3 Nxe3 20. fxe3 Kf8 21. a4 a5 22. Kf2 Ke7 23. Rxd8 Kxd8 24. Rc1 Kd7 25. Rd1+ Ke7 26. Rc1 Rd8 27. Rc5 Rd2 28. Rxa5 Rxb2 29. Ra7 Rxb6 30. a5 Rb2 31. a6 Kd6 32. Rxb7 Rxb7 33. axb7 Kc7 34. Ba6 e5 35. Ke2 f5 36. e4 g6 37. Kf3 h6 38. Bc4 Kxb7 39. Bf7 Kb6 40. Bxg6 f4 41. Ke2 Kc5 42. Kd3 Kb4 43. Be8 Kc5 44. Kc3 Kb5 45. Bf7 Kc5 46. Bc4 1-0

[Event "Wch U18"]
[Site "Kemer"]
[Date "2009.11.16"]
[Round "5"]
[White "Davletbakov, Saddam"]
[Black "Akdag, Dara Sevkan"]
[Result "1-0"]
[WhiteElo "2175"]
[BlackElo "2189"]
[PlyCount "59"]
[EventDate "2009.11.12"]
[EventType "swiss"]
[EventRounds "11"]
[EventCountry "TUR"]
[SourceTitle "EXT 2010"]
[Source "ChessBase"]
[SourceDate "2010.11.25"]
[SourceVersion "1"]
[SourceVersionDate "2010.11.25"]
[SourceQuality "1"]

1. d4 d5 2. c4 c6 3. Nc3 Nf6 4. Nf3 e6 5. Bg5 dxc4 6. e4 b5 7. e5 h6 8. Bh4 g5 9. Nxg5 hxg5 10. Bxg5 Nbd7 11. exf6 Bb7 12. Be2 Qc7 13. h4 0-0-0 14. Qc2 Nb6 15. Rd1 Bh6 16. Bxh6 Rxh6 17. Qc1 Rdh8 18. h5 Nd7 19. Ne4 c5 20. Nxc5 Nxc5 21. dxc5 Bxg2 22. Rh4 Qxc5 23. Bxc4 Kb8 24. Be2 Qxc1 25. Rxc1 a6 26. a4 Rxf6 27. axb5 axb5 28. Rb4 Bb7 29. Bxb5 e5 30. Bc6 1-0

[Event "Wch U18"]
[Site "Kemer"]
[Date "2009.11.14"]
[Round "3"]
[White "Davletbakov, Saddam"]
[Black "Yanev, Tihomir"]
[Result "1/2-1/2"]
[WhiteElo "2175"]
[BlackElo "2335"]
[PlyCount "99"]
[EventDate "2009.11.12"]
[EventType "swiss"]
[EventRounds "11"]
[EventCountry "TUR"]
[SourceTitle "EXT 2010"]
[Source "ChessBase"]
[SourceDate "2010.11.25"]
[SourceVersion "1"]
[SourceVersionDate "2010.11.25"]
[SourceQuality "1"]

1. d4 Nf6 2. c4 g6 3. Nf3 Bg7 4. g3 c5 5. Nc3 d5 6. dxc5 Qa5 7. Bd2 dxc4 8. e4 Qxc5 9. Qa4+ Nc6 10. Qxc4 Qxc4 11. Bxc4 Bg4 12. Be2 0-0 13. 0-0 Rfd8 14. Be3 Nd7 15. Rac1 Bxc3 16. Rxc3 Nf6 17. Rb3 Rd7 18. e5 Bxf3 19. Bxf3 Nxe5 20. Bxb7 Rb8 21. Bg2 Rxb3 22. axb3 Nfg4 23. Bc5 Nd3 24. b4 Rc7 25. h3 Nf6 26. Ra1 Nxc5 27. bxc5 Rxc5 28. Rxa7 e5 29. b4 Rb5 30. Rb7 Rxb7 31. Bxb7 Nd7 32. Kf1 Kf8 33. Ke2 Ke7 34. Bd5 Nb6 35. Bb3 h6 36. Ke3 f6 37. f4 Kd6 38. Bf7 Ke7 39. Bxg6 Nd5+ 40. Ke4 Nxb4 41. fxe5 fxe5 42. Kxe5 Nc6+ 43. Ke4 Kf6 44. Bh5 Ne5 45. h4 Nc4 46. Kf4 Ne5 47. Be8 Nd3+ 48. Ke3 Ne5 49. Ke4 Nc4 50. Kf4 1/2-1/2

[Event "Olympiad-38"]
[Site "Dresden"]
[Date "2008.11.20"]
[Round "7"]
[White "Salov, Sergej"]
[Black "Davletbakov, Saddam"]
[Result "0-1"]
[WhiteElo "2269"]
[BlackElo "2145"]
[PlyCount "96"]
[EventDate "2008.11.13"]
[EventType "team-swiss"]
[EventRounds "11"]
[EventCountry "GER"]
[SourceTitle "CBM 128"]
[Source "ChessBase"]
[SourceDate "2009.01.28"]
[SourceVersion "1"]
[SourceVersionDate "2009.01.28"]
[SourceQuality "1"]
[WhiteTeam "ICSC"]
[BlackTeam "Kyrgyzstan"]
[BlackTeamCountry "KGZ"]

1. e4 c5 2. Nf3 d6 3. c3 Nf6 4. Bd3 Nc6 5. Bc2 Bg4 6. h3 Bh5 7. d3 e6 8. Nbd2 Be7 9. Nf1 Bg6 10. Ng3 Qb6 11. 0-0 d5 12. Qe2 dxe4 13. dxe4 0-0 14. Nh4 Nd7 15. Nxg6 hxg6 16. f4 Rfe8 17. e5 Nf8 18. Ne4 Rad8 19. b3 Qa5 20. Be3 b5 21. a3 c4 22. b4 Qc7 23. a4 a6 24. Nc5 Bxc5 25. Bxc5 Nd7 26. Bd6 Qc8 27. Rfd1 Nb6 28. axb5 axb5 29. Be4 Ne7 30. Ra5 Ned5 31. Qf3 Qc6 32. Kh1 Ra8 33. h4 f5 34. Bc2 Kf7 35. Kh2 Na4 36. Bxa4 Rxa5 37. bxa5 bxa4 38. Kg3 Qb5 39. h5 Rh8 40. Rh1 Rh6 41. Bb4 gxh5 42. Rxh5 Rg6+ 43. Kh2 a3 44. Bxa3 Qxa5 45. Bb4 Qb5 46. Bd6 Qb1 47. Rh8 Rg4 48. Rb8 Rh4+ 0-1

[Event "Olympiad-38"]
[Site "Dresden"]
[Date "2008.11.17"]
[Round "5"]
[White "Davletbakov, Saddam"]
[Black "Vazquez Reyes, Raul"]
[Result "0-1"]
[WhiteElo "2145"]
[BlackElo "2099"]
[PlyCount "66"]
[EventDate "2008.11.13"]
[EventType "team-swiss"]
[EventRounds "11"]
[EventCountry "GER"]
[SourceTitle "CBM 128"]
[Source "ChessBase"]
[SourceDate "2009.01.28"]
[SourceVersion "1"]
[SourceVersionDate "2009.01.28"]
[SourceQuality "1"]
[WhiteTeam "Kyrgyzstan"]
[BlackTeam "Puerto Rico"]
[WhiteTeamCountry "KGZ"]
[BlackTeamCountry "PUR"]

1. e4 c5 2. Nf3 d6 3. Bb5+ Bd7 4. Bxd7+ Nxd7 5. 0-0 Ngf6 6. Re1 e6 7. c3 Be7 8. d4 cxd4 9. cxd4 d5 10. exd5 Nxd5 11. Nc3 N7b6 12. Ne4 0-0 13. b3 Rc8 14. Bd2 Nf6 15. Nc5 Bxc5 16. dxc5 Rxc5 17. Bb4 Rd5 18. Qe2 Re8 19. Ne5 Qb8 20. a4 Nbd7 21. Nc4 Nc5 22. Bxc5 Rxc5 23. h3 Rd8 24. Rac1 h6 25. Rc3 b5 26. axb5 Qxb5 27. Ra1 Rcd5 28. Rf3 Qd7 29. Qa2 Qc7 30. Ne3 R5d7 31. g3 Ne4 32. h4 Qb7 33. Nc4 Nc3 0-1

[Event "Olympiad-38"]
[Site "Dresden"]
[Date "2008.11.16"]
[Round "4"]
[White "Davletbakov, Saddam"]
[Black "Andolo, Humphrey"]
[Result "1-0"]
[WhiteElo "2145"]
[BlackElo "2139"]
[PlyCount "81"]
[EventDate "2008.11.13"]
[EventType "team-swiss"]
[EventRounds "11"]
[EventCountry "GER"]
[SourceTitle "CBM 128"]
[Source "ChessBase"]
[SourceDate "2009.01.28"]
[SourceVersion "1"]
[SourceVersionDate "2009.01.28"]
[SourceQuality "1"]
[WhiteTeam "Kyrgyzstan"]
[BlackTeam "Kenya"]
[WhiteTeamCountry "KGZ"]
[BlackTeamCountry "KEN"]

1. e4 e5 2. Nf3 Nc6 3. Bb5 a6 4. Ba4 Nf6 5. 0-0 Be7 6. Re1 b5 7. Bb3 0-0 8. h3 d6 9. c3 Na5 10. Bc2 c5 11. d3 h6 12. Nbd2 Re8 13. Nf1 Bf8 14. Ng3 g6 15. Bd2 Bb7 16. a4 Nc6 17. axb5 axb5 18. Rxa8 Qxa8 19. Qc1 Kh7 20. Bb3 c4 21. Bc2 d5 22. exd5 Nxd5 23. dxc4 bxc4 24. Nh2 f5 25. Nxf5 Nf4 26. Bxf4 exf4 27. Rxe8 Qxe8 28. Nh4 Ne5 29. Qxf4 Nd3 30. Qc7+ Bg7 31. Ng4 Qc6 32. Qxc6 Bxc6 33. b3 Bb5 34. bxc4 Bxc4 35. Ne3 Ba6 36. Nxg6 Nxf2 37. Nf4+ Kg8 38. Kxf2 Bxc3 39. Kf3 Bb7+ 40. Be4 Bc8 41. Ned5 1-0

[Event "Olympiad-38"]
[Site "Dresden"]
[Date "2008.11.13"]
[Round "1"]
[White "Davletbakov, Saddam"]
[Black "Chung, Soonhun"]
[Result "1-0"]
[WhiteElo "2145"]
[BlackElo "1828"]
[PlyCount "119"]
[EventDate "2008.11.13"]
[EventType "team-swiss"]
[EventRounds "11"]
[EventCountry "GER"]
[SourceTitle "CBM 128"]
[Source "ChessBase"]
[SourceDate "2009.01.28"]
[SourceVersion "1"]
[SourceVersionDate "2009.01.28"]
[SourceQuality "1"]
[WhiteTeam "Kyrgyzstan"]
[BlackTeam "South Korea"]
[WhiteTeamCountry "KGZ"]
[BlackTeamCountry "KOR"]

1. e4 e6 2. d3 d5 3. Nd2 c5 4. Ngf3 Nc6 5. g3 g6 6. Bg2 Bg7 7. 0-0 Nge7 8. Re1 0-0 9. e5 Qc7 10. Qe2 b5 11. Nf1 Bd7 12. h4 h6 13. N1h2 Kh7 14. Ng4 Ng8 15. Bf4 Rab8 16. c3 b4 17. Nf6+ Kh8 18. Qe3 Nce7 19. Nxd7 Qxd7 20. Qxc5 Rfc8 21. Qd4 bxc3 22. Be3 Nc6 23. Qxc3 Nb4 24. Qd2 Nc2 25. Rab1 Nxe1 26. Rxe1 Kh7 27. d4 Ne7 28. Bf1 Qa4 29. b3 Qa3 30. Bd3 Nf5 31. Bf4 Bf8 32. Qe2 Bb4 33. Rd1 Bc3 34. Bb1 Qb2 35. Qd3 Qa3 36. g4 Ne7 37. h5 Kg7 38. Bxh6+ Kxh6 39. Qe3+ Kg7 40. h6+ Kh8 41. Ng5 Rf8 42. Qxc3 Ng8 43. h7 Nh6 44. Qh3 Kg7 45. Kg2 Qe7 46. Qh4 f6 47. Rh1 Nxg4 48. Nf3 Nxf2 49. Qh6+ Kh8 50. Nh4 Qg7 51. Nxg6+ Qxg6+ 52. Bxg6 Ng4 53. Qf4 f5 54. Rc1 Rbc8 55. Bh5 Rxc1 56. Qxc1 Kxh7 57. Qc7+ Kh6 58. Qe7 Rb8 59. Bxg4 fxg4 60. Qxe6+ 1-0

[Event "Wch U16"]
[Site "Kemer"]
[Date "2007.11.22"]
[Round "5"]
[White "Arnold, Marc Tyler"]
[Black "Davletbakov, Saddam"]
[Result "1-0"]
[WhiteElo "2294"]
[BlackElo "2174"]
[PlyCount "75"]
[EventDate "2007.11.18"]
[EventType "swiss"]
[EventRounds "11"]
[EventCountry "TUR"]
[SourceTitle "CBM 121 Extra"]
[Source "ChessBase"]
[SourceDate "2008.01.10"]
[SourceVersion "1"]
[SourceVersionDate "2008.01.10"]
[SourceQuality "1"]

1. d4 Nf6 2. c4 g6 3. Nf3 Bg7 4. g3 0-0 5. Bg2 d6 6. 0-0 Nbd7 7. Nc3 e5 8. e4 c6 9. h3 Re8 10. Re1 Qc7 11. Be3 a6 12. Rc1 Qb8 13. dxe5 dxe5 14. c5 b5 15. cxb6 Nxb6 16. Nxe5 Rxe5 17. Qd8+ Re8 18. Qxb6 Qxb6 19. Bxb6 Nd7 20. Be3 Ne5 21. Rc2 Rb8 22. Rd1 Nc4 23. Bc1 Be6 24. b3 Na5 25. Bf4 Rbc8 26. Rdc1 Bf8 27. Bf1 Ra8 28. Bc7 Nb7 29. Na4 c5 30. Bb6 Rec8 31. Nxc5 Bh6 32. f4 Rc6 33. Nxe6 Rxe6 34. Rc6 Ree8 35. e5 Bf8 36. Bg2 Rab8 37. Ba7 Ra8 38. Bf2 1-0